The widow / John Grisham.
Available copies
- 1 of 3 copies available at LARL/NWRL Consortium.
- 0 of 2 copies available at Lake Agassiz Regional Library. (Show preferred library)
Current holds
0 current holds with 3 total copies.
View other formats and editions
Show Only Available Copies
| Location | Call Number / Copy Notes | Barcode | Shelving Location | Status | Due Date |
|---|---|---|---|---|---|
| Detroit Lakes Public Library | CD TALKING BOOK GRI (Text) | 33500014309512 | Main | Checked out | 05/28/2026 |
| Moorhead Public Library | CD TALKING BOOK GRI (Text) | 33500014309520 | Main | Checked out | 06/05/2026 |
| Karlstad LINK Site | BOOK-ON-CD GRI (Text) | 35500006395683 | New | Available | - |
Record details
- ISBN: 9798217166602
- ISBN: 9780593607503
- ISBN: 0593607503
- Physical Description: 12 audio discs (14 1/2 hr.) : CD audio, digital ; ... Read More
- Edition: Unabridged.
- Publisher: [New York] : Penguin Random House, [2025]
Content descriptions
| General Note: | Compact discs. |
| Participant or Performer Note: | Narrated by Michael Beck. |
| Summary, etc.: | Simon Latch is a lawyer in rural Virginia, making ... Read More |
Search for related items by subject
| Genre: | Suspense fiction. Legal stories. Audiobooks. Thrillers (Fiction) Legal fiction (Literature) |
| LDR | 03052nim a22006617i 4500 | ||
|---|---|---|---|
| 001 | 475238 | ||
| 003 | LARL_NWRL_CONSORTIUM | ||
| 005 | 20251205162224.0 | ||
| 008 | 251014s2025 nyunnnne f n eng d | ||
| 007 | sd fsngnnmmned | ||
| 040 | . | ‡aBLACP ‡beng ‡erda ‡cBLACP ‡dOCLCO | |
| 020 | . | ‡a9798217166602 ‡q(sound recording ; ‡qBlackstone Library CD) | |
| 020 | . | ‡a9780593607503 ‡q(sound recording ; ‡qBlackstone Retail CD) | |
| 020 | . | ‡a0593607503 ‡q(sound recording ; ‡qBlackstone Retail CD) | |
| 035 | . | ‡a(OCoLC)1545135905 | |
| 037 | . | ‡aZPl2t2 ‡bBlackstone Publishing | |
| 037 | . | ‡aZEl2t2 ‡bBlackstone Publishing | |
| 082 | 0 | 4. | ‡a813/.54 ‡223 |
| 100 | 1 | . | ‡aGrisham, John, ‡eauthor. ‡1https://id.oclc.org/worldcat/entity/E39PBJc3FTJp8h8xxJwTRgvyh3 ‡0(LARL_NWRL_CONSORTIUM)97617 |
| 245 | 1 | 4. | ‡aThe widow / ‡cJohn Grisham. |
| 250 | . | ‡aUnabridged. | |
| 264 | 1. | ‡a[New York] : ‡bPenguin Random House, ‡c[2025] | |
| 300 | . | ‡a12 audio discs (14 1/2 hr.) : ‡bCD audio, digital ; ‡c4 3/4 in. | |
| 336 | . | ‡aspoken word ‡bspw ‡2rdacontent | |
| 337 | . | ‡aaudio ‡bs ‡2rdamedia | |
| 338 | . | ‡aaudio disc ‡bsd ‡2rdacarrier | |
| 344 | . | ‡adigital ‡2rdatr | |
| 344 | . | ‡boptical ‡2rdarm | |
| 347 | . | ‡aaudio file ‡2rdaft | |
| 347 | . | ‡bCD audio | |
| 500 | . | ‡aCompact discs. | |
| 511 | 0 | . | ‡aNarrated by Michael Beck. |
| 520 | . | ‡aSimon Latch is a lawyer in rural Virginia, making just enough to pay his bills while his marriage slowly falls apart. Then into his office walks Eleanor Barnett, an elderly widow in need of a new will. Apparently, her husband left her a small fortune, and no one knows about it. Once he hooks the richest client of his career, Simon works quietly to keep her wealth under the radar. When she is hospitalized after a car accident, Simon realizes that nothing is as it seems, and he finds himself on trial for a crime he swears he didn't commit: murder. To save himself, he must find the real killer. | |
| 650 | 0. | ‡aLawyers ‡vFiction. | |
| 650 | 0. | ‡aWidows ‡vFiction. ‡0(LARL_NWRL_CONSORTIUM)167902 | |
| 650 | 0. | ‡aAttorney and client ‡vFiction. ‡0(LARL_NWRL_CONSORTIUM)163330 | |
| 650 | 0. | ‡aInheritance and succession ‡vFiction. ‡0(LARL_NWRL_CONSORTIUM)165197 | |
| 650 | 0. | ‡aTrials (Murder) ‡vFiction. ‡0(LARL_NWRL_CONSORTIUM)167629 | |
| 650 | 0. | ‡aMurder ‡xInvestigation ‡vFiction. ‡0(LARL_NWRL_CONSORTIUM)166203 | |
| 651 | 0. | ‡aVirginia ‡vFiction. ‡0(LARL_NWRL_CONSORTIUM)167838 | |
| 650 | 7. | ‡aFICTION / Thrillers / Suspense. ‡2bisacsh | |
| 650 | 7. | ‡aFICTION / Legal. ‡2bisacsh | |
| 650 | 7. | ‡aFICTION / Thrillers / General. ‡2bisacsh | |
| 655 | 7. | ‡aSuspense fiction. ‡2gsafd | |
| 655 | 7. | ‡aLegal stories. ‡2gsafd | |
| 655 | 7. | ‡aAudiobooks. ‡2lcgft ‡0(LARL_NWRL_CONSORTIUM)175801 | |
| 655 | 7. | ‡aThrillers (Fiction) ‡2lcgft | |
| 655 | 7. | ‡aLegal fiction (Literature) ‡2lcgft | |
| 700 | 1 | . | ‡aBeck, Michael, ‡d1949- ‡enarrator. ‡1https://id.oclc.org/worldcat/entity/E39PBJhmKWcHRvrdRXhH9cWFKd ‡0(LARL_NWRL_CONSORTIUM)141572 |
| 901 | . | ‡a475238 ‡bAUTOGEN ‡c475238 ‡tbiblio | |

Add to basket
Permalink
Disable Highlighting